| 000 | 00506nam a2200169 i 4500 | ||
|---|---|---|---|
| 001 | 135167 | ||
| 003 | ES-MaACL | ||
| 005 | 20230906194823.0 | ||
| 007 | t| | ||
| 008 | 070711s1932 sp ||||1| spa d | ||
| 100 | 1 |
_aTomé Bona, Javier María. _9110546 |
|
| 245 | 1 | 0 |
_aDiagnóstico y tratamiento de las dermatosis más frecuentes / _cJavier María Tomé Bona. |
| 250 | _a2ª ed. corr. y aum. | ||
| 260 |
_aMadrid : _bSenen Martín, _c1932. |
||
| 300 |
_a154 p. ; _c18 cm. |
||
| 852 |
_aES-MaACL _jA-4748 |
||
| 999 |
_c135167 _d135167 |
||